El mundo y sus porqués : reveladoras respuestas a curiosas preguntas sobre casi todo

Uloženo v:
Podrobná bibliografie
Hlavní autor: Ang, Gonzalo
Médium: Kniha
Jazyk:španělština
Vydáno: Reader's Digest. 1995.
Témata:
Tagy: Přidat tag
Žádné tagy, Buďte první, kdo vytvoří štítek k tomuto záznamu!

MARC

LEADER 00000nam a22000005a 4500
001 561
003 CL-ChBUA
005 20120815102708.0
008 070301s1995 mx 000 0 spa
020 |a 9682801974 
040 |a CL-ChBUA  |c CL-ChBUA 
082 0 0 |a 036 
090 |c 561  |d 561 
100 1 |a Ang, Gonzalo. 
245 1 0 |a El mundo y sus porqués :  |b reveladoras respuestas a curiosas preguntas sobre casi todo 
260 |b Reader's Digest.  |c 1995. 
300 |a 336 p.: il.  |b 336 p.: il.  |c 27 cm. 
650 4 |a ENCICLOPEDIAS. 
942 |c LIBR 
952 |0 0  |1 0  |4 0  |7 0  |9 674  |a UNACH  |b UNACH  |c REA  |d 2007-03-05  |i 30.513.  |l 0  |o R 036 / M 965.  |p 1673  |r 2018-10-18 00:00:00  |u 674  |w 2012-08-08  |y LIBR  |k R 036 / M 965. 
999 |c 561  |d 561